Python basique - Statistiques

Statistiques générales
  • Ce quiz a été pris 407 fois
  • Le résultat moyen est 3 sur 11
Statistiques - réponses
Question Réponse % Correct
Comment afficher du texte à l'écran? print("")
92%
Quelle est la fonction utilisée pour obtenir la longueur d'une liste? len()
74%
Comment commenter une ligne en Python? (symbole en toute lettre) dièse/hashtag
40%
Quelle est la fonction utilisée pour obtenir la somme des éléments d'une liste? sum()
37%
Quelle est la boucle principale dans Python pour une exécution indéfinie? while True:
20%
Comment importer un module en Python? import module
19%
Quelle est la méthode pour ajouter un élément à la fin d'une liste en Python? list.append()
10%
Comment définir une variable? var_name=
4%
Comment ouvrir un fichier en mode lecture en Python? open('file.txt', 'r')
1%
Quelle est la méthode pour convertir une chaîne de caractères en majuscules? string.upper()
1%
Comment définir une fonction en Python? def my_function(param): ...
0%
Aucun quiz correspondant
Distribution des résultats
% des personnes avec chaque résultat
Percentile par nombre de réponses
Votre historique - résultats
Vous n’avez pas pris ce quiz